000 00454nam a2200181Ia 4500
001 23841
005 20260414151004.0
008 260414t2024||||xx |||||||||||||| ||spa||
041 _aESP
082 _a720.1
_bG23
100 _aGarcía García, Raúl,
_eAUT
245 0 _aÁlvaro Siza :
_b la luz de la luz de la arquitectura
260 _c2024
300 _a226 páginas :
_c20 cm.
650 _aABD
654 _aCAU
942 _cLIB
_dJUS
_fJUS
_2ddc
_n
999 _c23841
_d23841